[Event "Autumn Cup IM"]
[Site "Bucharest ROM"]
[Date "2000.11.29"]
[Round "9"]
[White "Petrenko,S"]
[Black "Vioreanu,B"]
[Result "1/2-1/2"]
[WhiteElo "2316"]
[BlackElo "2280"]

1.e4 c5 2.Nf3 d6 3.d4 cxd4 4.Nxd4 Nf6 5.Nc3 Nc6 6.Bg5 e6 7.Qd2 Be7 8.O-O-O Nxd4
9.Qxd4 O-O 10.f3 Qa5 11.h4 Bd7 12.Kb1 Rfc8 13.Qd2 Bc6 14.Nd5 Qxd2 15.Nxe7+ Kf8
16.Bxd2 Kxe7 17.Bb4 Rd8 18.e5 Ne8 19.c4 Rd7 20.Bd3 h6 21.Be4 Rc8 22.Rd4 f6
23.exd6+ Nxd6 24.Bg6 Rcd8 25.Rhd1 e5 26.Rxd6 Rxd6 27.Bf5 b6 28.h5 Be8 29.g4 Bc6
30.Rd3 Be8 31.Kc2 Bc6 32.b3 Be8 33.a4 a5 34.Ba3 Bc6 35.Kc3 Be8 36.Kd2 Bc6
37.Ke3 Bb7 38.Rd1 Bc6 39.f4 Bb7 40.Rf1 exf4+ 41.Kxf4 Kf7 42.Bg6+ Kg8 43.Bxd6 Rxd6
44.Re1 Bc6 45.Re7 Bd7 46.Bf5 Bc6 47.Rc7 Kf8 48.Rc8+ Kf7 49.Rb8 Bh1 50.Ke3 Rc6
51.Rb7+ Kf8 52.Rd7 Rc5 53.Rd6 Bc6 54.Be4 Be8 55.Rxb6 Bd7 56.Kf4 Rg5 57.Bf3 f5
58.gxf5 Rxf5+ 59.Ke3 Be8 60.Rb8 Ke7 61.Be4 Rg5 62.Rb7+ Kf8 63.Kd4 Rxh5 64.c5 Rh4
65.Rb8 Ke7 66.Ke5 Rh5+ 67.Kd4 Rh4 68.Kd3 Rh3+ 69.Kd4 Rh4  1/2-1/2

[Event "FIDE WCh Women KO"]
[Site "New Delhi IND"]
[Date "2000.12.03"]
[Round "3.1"]
[White "Peptan,C"]
[Black "Ioseliani,N"]
[Result "1-0"]
[WhiteElo "2433"]
[BlackElo "2476"]

1.e4 c5 2.Nf3 Nc6 3.d4 cxd4 4.Nxd4 Nf6 5.Nc3 d6 6.Bg5 e6 7.Qd2 a6 8.O-O-O h6
9.Be3 Be7 10.f4 Qc7 11.Be2 Bd7 12.g4 Nxd4 13.Qxd4 e5 14.Qd3 exf4 15.Bxf4 O-O-O
16.Bxd6 Bxd6 17.Qxd6 Qxd6 18.Rxd6 Bxg4 19.Rxf6 Bxe2 20.Rxf7 Bh5 21.Rxg7 Rhf8
22.Rhg1 Rf2 23.R7g2 Rdd2 24.Rxf2 Rxf2 25.Rg8+ Kd7 26.Rg7+ Kc8 27.Rh7 Rf1+
28.Kd2 Rf2+ 29.Ke3 Rxc2 30.Rxh6 Bf7 31.Rf6 Bc4 32.Rf2 Rc1 33.Kd4 b5 34.b3 Be6
35.Nd5 a5 36.Ke5 Kd7 37.Rd2  1-0

[Event "Open"]
[Site "Milan ITA"]
[Date "2000.12.04"]
[Round "2"]
[White "Bonanno,A"]
[Black "Hitzgerova,G"]
[Result "1-0"]
[WhiteElo "2072"]
[BlackElo "2245"]

1.e4 c5 2.Nf3 d6 3.d4 cxd4 4.Nxd4 Nf6 5.Nc3 Nc6 6.Bg5 e6 7.Qd2 a6 8.O-O-O Bd7
9.f3 h5 10.f4 Be7 11.Be2 b5 12.Bf3 Rc8 13.Nxc6 Bxc6 14.Rhe1 b4 15.Bxf6 gxf6
16.Ne2 Qa5 17.Kb1 h4 18.Nd4 Ba8 19.Qf2 Qc5 20.Qd2 Kf8 21.Bg4 Qb6 22.Bf3 Bb7
23.Rc1 a5 24.c3 Rc4 25.Qd3 bxc3 26.Nb3 c2+ 27.Rxc2 Rxc2 28.Qxc2 Kg7 29.Qd2 a4
30.Qd4 Qb5 31.Nd2 Rc8 32.Rc1 Rxc1+ 33.Kxc1 Ba6 34.a3 Qc6+ 35.Qc3 Qxc3+ 36.bxc3 Bd8
37.Bd1 Bb5 38.Nf3 Bb6 39.Nxh4 Be3+ 40.Kb2 Bxf4 41.Nf3 Be3 42.Kc2 Bc5 43.Kb2 Bd3
44.Bxa4 Bxe4 45.Bd1 f5 46.a4 Bd3 47.a5 e5 48.Bc2 Bf1 49.Bxf5 Bxg2 50.Be4 f5
51.Bd5 Bf1 52.Kc2 Kf6 53.Nd2 Ba6 54.Nc4 Kg5 55.Kd2 Kg4 56.Be6 Kf3 57.h4 Kg2
58.Nb2 e4 59.Nd1 Kg3 60.Ke1 e3 61.h5 e2 62.h6 Kf3 63.Bd5+ Kf4 64.h7 Bg1  1-0

[Event "FSGM December"]
[Site "Budapest HUN"]
[Date "2000.12.05"]
[Round "3"]
[White "Resika,N"]
[Black "Balogh,C"]
[Result "1/2-1/2"]
[WhiteElo "2267"]
[BlackElo "2359"]

1.e4 c5 2.Nf3 d6 3.d4 cxd4 4.Nxd4 Nf6 5.Nc3 Nc6 6.Bg5 a6 7.Bxf6 gxf6 8.Be2 h5
9.O-O Bd7 10.Nf5 Qa5 11.Nd5 Rc8 12.c4 h4 13.Re1 h3 14.g3 Ne5 15.b3 b5 16.f4 Nc6
17.Bf1 bxc4 18.bxc4 Qc5+ 19.Kh1 Kd8 20.Nfe3 Bg7 21.Nf5 Bf8 22.Nfe3 Bg7  1/2-1/2

[Event "FSGM December"]
[Site "Budapest HUN"]
[Date "2000.12.05"]
[Round "3"]
[White "Czebe,A"]
[Black "Varga,Zo"]
[Result "1/2-1/2"]
[WhiteElo "2520"]
[BlackElo "2541"]

1.e4 c5 2.Nf3 d6 3.d4 cxd4 4.Nxd4 Nf6 5.Nc3 Nc6 6.Bg5 e6 7.Qd2 a6 8.f4 h6
9.Bh4 Bd7 10.O-O-O Qc7 11.Be2 b5 12.Bf3 Rc8 13.Nxc6 Bxc6 14.Rhe1 b4 15.Nb1 a5
16.e5 dxe5 17.Bxc6+ Qxc6 18.Rxe5 Be7 19.Qe2 Nd7 20.Red5 Nb6 21.Rh5 g6 22.Bxe7 gxh5
23.Bf6 Rg8 24.g3 Nd5 25.Be5 a4 26.c3 a3 27.bxa3 bxa3 28.f5 Rg4 29.fxe6 fxe6
30.Rf1 Qc4 31.Qf2 Kd7 32.Qf7+ Kc6 33.Qxe6+ Kb7 34.Rf7+ Ka8 35.Nxa3 Qc6 36.Qxc6+ Rxc6
37.Nb5 Ra4 38.Rf8+ Kb7 39.Nd6+ Ka7 40.Nb5+ Kb7 41.Nd6+ Ka7 42.Nb5+  1/2-1/2

[Event "9th It"]
[Site "Sonnevanck NED"]
[Date "2000.12.06"]
[Round "8"]
[White "Vink,N"]
[Black "Peek,Mar"]
[Result "1/2-1/2"]
[WhiteElo "2296"]
[BlackElo "2299"]

1.e4 c5 2.Nf3 d6 3.d4 cxd4 4.Nxd4 Nf6 5.Nc3 Nc6 6.Bg5 e6 7.Qd2 Be7 8.O-O-O Nxd4
9.Qxd4 O-O 10.Be2 Nxe4 11.Bxe7 Nxc3 12.Qh4 Nxe2+ 13.Kb1 Qb6 14.Rxd6 Nc3+
15.Ka1 Qa5 16.bxc3 e5 17.Rd3 Be6 18.c4 Rfc8 19.Rg3 Bf5 20.Qg5 Bg6 21.h4 Rxc4
22.h5 Rxc2 23.Ba3 Qd5 24.Bb2 Rxb2 25.Kxb2 Qd4+ 26.Kb3 Qb6+ 27.Ka3 Qc5+ 28.Kb3 Qb5+
29.Ka3 Qc5+ 30.Kb3 f6 31.Qd2 Qb6+ 32.Ka3 Bf7 33.Rh4 Rd8 34.Qc2 Qd6+ 35.Kb2 Qe6
36.Kb1 Rc8 37.Qd2 Qf5+ 38.Ka1 Qc2 39.Rd3 h6 40.Rb4 b6 41.g4 Be6  1/2-1/2

[Event "TCh-SVK"]
[Site "SVK"]
[Date "2000.12.16"]
[Round "5"]
[White "Talla,V"]
[Black "Manik,M"]
[Result "1/2-1/2"]
[WhiteElo "2401"]
[BlackElo "2425"]

1.e4 c5 2.Nf3 d6 3.d4 cxd4 4.Nxd4 Nf6 5.Nc3 Nc6 6.Bg5 e6 7.Qd2 a6 8.O-O-O Bd7
9.f3 b5 10.h4 h6 11.Be3 h5 12.Bd3 Ne5 13.Bg5 Qb6 14.Nce2 Rc8  1/2-1/2

[Event "2nd Viking GMB"]
[Site "York ENG"]
[Date "2000.12.20"]
[Round "8"]
[White "Van der Weide,K"]
[Black "Bakre,T"]
[Result "1/2-1/2"]
[WhiteElo "2467"]
[BlackElo "2358"]

1.e4 c5 2.Nf3 d6 3.d4 cxd4 4.Nxd4 Nf6 5.Nc3 Nc6 6.Bg5 a6 7.Qd2 Qb6 8.Nb3 e6
9.O-O-O Qc7 10.f3 b5 11.Kb1 Rb8 12.Qe1 Be7 13.h4 h6 14.Bc1 b4 15.Ne2 e5 16.c4 a5
17.Be3 a4 18.Nbc1 Be6 19.Ng3 Na5 20.b3 Qc6 21.Qd2 Nd7 22.Nf5 Bxf5 23.exf5 Nc5  1/2-1/2

[Event "Ambassador Open"]
[Site "Bern SUI"]
[Date "2000.12.27"]
[Round "3"]
[White "Yeo,M"]
[Black "Landenbergue,C"]
[Result "1/2-1/2"]
[WhiteElo "2207"]
[BlackElo "2390"]

1.e4 c5 2.Nf3 d6 3.d4 cxd4 4.Nxd4 Nf6 5.Nc3 Nc6 6.Bg5 e6 7.Qd2 a6 8.O-O-O Bd7
9.f4 h6 10.Bh4 Nxe4 11.Qe1 Nf6 12.Nf5 Qa5 13.Nxd6+ Bxd6 14.Rxd6 Qc7 15.Rd2 O-O-O
16.Bxf6 gxf6 17.Qh4 f5 18.Be2 Be8 19.Rhd1 Rxd2 20.Rxd2 Qe7 21.Qf2 Bd7 22.Na4 Rd8
23.Nb6+  1/2-1/2

[Event "Christmas Open"]
[Site "Zurich SUI"]
[Date "2000.12.27"]
[Round "3"]
[White "Paehtz,E"]
[Black "Balinov,I"]
[Result "1-0"]
[WhiteElo "2343"]
[BlackElo "2453"]

1.e4 c5 2.Nf3 d6 3.d4 Nf6 4.Nc3 cxd4 5.Nxd4 Nc6 6.Bg5 e6 7.Qd2 a6 8.O-O-O Be7
9.f3 Bd7 10.h4 Rc8 11.Kb1 Nxd4 12.Qxd4 Rc6 13.Qd2 Qa5 14.Be3 Bd8 15.g4 O-O
16.g5 Nh5 17.Bh3 f5 18.exf5 Rxf5 19.Bxf5 Qxf5 20.Ne4 Be7 21.Qg2 Be8 22.Qh3 Bg6
23.Qxf5 Bxf5 24.Nc3 Kf7 25.Rd2 Bd8 26.Rhd1 Ke7 27.Ne2 Bg6 28.Nd4 Rc8 29.Nb3 Bc7
30.Ka1 Ng3 31.c3 Nf5 32.Bf2 e5 33.Re1 Kf7 34.f4 exf4 35.Nd4 Ne7 36.Ne6 Ba5
37.Nxf4 Bf5 38.Nd5 Nc6 39.Bg3 Rd8 40.Ne3 Be6 41.Rxd6 Bc7 42.Rf1+ Ke7 43.Rxe6+  1-0

[Event "17th Open"]
[Site "Boblinger GER"]
[Date "2000.12.29"]
[Round "6"]
[White "Schmidt Schaeffer,S"]
[Black "Atalik,S"]
[Result "1/2-1/2"]
[WhiteElo "2314"]
[BlackElo "2549"]

1.e4 c5 2.Nf3 Nc6 3.d4 cxd4 4.Nxd4 Nf6 5.Nc3 d6 6.Bg5 e6 7.Qd2 a6 8.O-O-O Bd7
9.f4 b5 10.Nxc6 Bxc6 11.Qe3 Be7 12.Bxf6 Bxf6 13.e5 Be7 14.exd6 Bxd6 15.Ne4 Bxe4
16.Qxe4 O-O 17.Bd3 g6 18.h4 Qf6 19.g3 Rfd8 20.h5 Bf8 21.hxg6 hxg6 22.Be2 Ba3
23.Qe5 Qxe5 24.fxe5 Bf8 25.Bf3 Rab8 26.c3 Rdc8 27.Rd7 b4 28.Bb7 Rc5 29.Rf1 bxc3
30.bxc3 Bh6+ 31.Kc2 Rf8 32.Bxa6 Ra5 33.Bc4 Rxe5 34.a4 Bg7 35.Kd3 Rg5 36.Rf3 Rc5
37.Rfxf7 Rxf7 38.Bxe6 Rxc3+ 39.Ke4 Rf3 40.Rxf7 Rxf7 41.a5 Bf8 42.Kd5 Bh6
43.Ke4 Bf8 44.Kd5 Bh6 45.Ke4  1/2-1/2

[Event "1st Wilhelm Steinitz Mem B"]
[Site "Prague CZE"]
[Date "2000.12.29"]
[Round "4"]
[White "Resika,N"]
[Black "Kopjonkin,G"]
[Result "1/2-1/2"]
[WhiteElo "2267"]
[BlackElo "2378"]

1.e4 c5 2.Nf3 d6 3.d4 cxd4 4.Nxd4 Nf6 5.Nc3 Nc6 6.Bg5 e6 7.Qd3 h6 8.Bh4 a6
9.Be2 Ne5 10.Qd1 g5 11.Bg3 Bd7 12.h4 Rg8 13.hxg5 hxg5 14.Qd2 Rc8 15.f3 Be7
16.O-O-O Ng6 17.Kb1 Nf4 18.Bf1 b5 19.a3 Qb6 20.Nb3 Rb8 21.Bf2 Qc7 22.g3 Ng6
23.f4 Bc6 24.Bd3 gxf4 25.gxf4 e5 26.Be3 exf4 27.Bxf4 Nxf4 28.Qxf4 b4 29.axb4 Rxb4
30.Qf5 Bb7 31.Qa5 Qxa5 32.Nxa5  1/2-1/2

[Event "Troll Masters"]
[Site "Gausdal NOR"]
[Date "2001.01.07"]
[Round "3"]
[White "Rasmussen,C"]
[Black "Krakops,M"]
[Result "0-1"]
[WhiteElo "2303"]
[BlackElo "2519"]

1.e4 c5 2.Nf3 Nc6 3.d4 cxd4 4.Nxd4 Nf6 5.Nc3 d6 6.Bg5 e6 7.Qd2 a6 8.O-O-O h6
9.Be3 Be7 10.f4 Bd7 11.Bd3 b5 12.Rhe1 O-O 13.h3 Nxd4 14.Bxd4 b4 15.Ne2 e5
16.Be3 Qa5 17.Kb1 Rfd8 18.Nc1 Rab8 19.Qf2 Bc6 20.Bd2 Qc7 21.g4 Qb7 22.Qe2 d5
23.fxe5 Nxe4 24.Bxe4 dxe4 25.Be3 Qb5 26.Bd4 Bh4 27.Rg1 Rd7 28.Qxb5 Bxb5 29.Bc5 Rxd1
30.Rxd1 Re8 31.Bxb4 Rxe5 32.b3 e3 33.c4 Bc6 34.Rd6 Bf3 35.c5 e2 36.c6 e1=Q
37.Bxe1 Rxe1 38.c7 Re8 39.Nd3 Rc8 40.Ne5 Be4+  0-1

[Event "Anibal Open"]
[Site "Anibal Open ESP"]
[Date "2001.01.12"]
[Round "5"]
[White "Herrera,I"]
[Black "Kacheishvili,G"]
[Result "1/2-1/2"]
[WhiteElo "2467"]
[BlackElo "2564"]

1.e4 c5 2.Nf3 d6 3.d4 cxd4 4.Nxd4 Nf6 5.Nc3 Nc6 6.Bg5 e6 7.Qd2 Be7 8.O-O-O O-O
9.f3 a6 10.h4 Qc7 11.Kb1 Nxd4 12.Qxd4 b5 13.h5 h6 14.Bh4 Bb7 15.g4 b4 16.Na4 Rab8
17.b3 Rfd8 18.Bd3 a5 19.g5 hxg5 20.Bxg5 e5 21.Qe3 Nh7 22.Bxe7 Qxe7 23.Rdg1 Kh8
24.Nb6 Qf6 25.Bc4 Bc6 26.Nd5 Bxd5 27.Bxd5 Rd7 28.Rg4 Qh6 29.Qg1 Nf6 30.Rg5 Nxd5
31.exd5 Rc7 32.Rh2 Rc5 33.Rhg2 Rg8 34.Rd2 Rc3 35.Rf2 Qf6 36.Qg4 e4 37.Rf5 Qd4
38.fxe4 Re3 39.Rf1 Rxe4 40.Qd1 Qxd1+ 41.Rxd1 Re7 42.Rdf1 Rge8 43.Rxf7 Rxf7
44.Rxf7 Re5 45.a3 Rxh5  1/2-1/2

[Event "Anibal Open"]
[Site "Linares ESP"]
[Date "2001.01.15"]
[Round "8"]
[White "Holmsten,A"]
[Black "Avrukh,B"]
[Result "1-0"]
[WhiteElo "2435"]
[BlackElo "2630"]

1.e4 c5 2.Nf3 d6 3.d4 cxd4 4.Nxd4 Nf6 5.Nc3 Nc6 6.Bg5 e6 7.Qd2 Qb6 8.Nb3 a6
9.O-O-O Be7 10.f3 O-O 11.g4 Rd8 12.Be3 Qc7 13.g5 Nd7 14.h4 Nce5 15.f4 Nc4
16.Bxc4 Qxc4 17.h5 b5 18.Qg2 Rb8 19.Ba7 Ra8 20.Bd4 Nf8 21.f5 exf5 22.Na5 Qe6
23.Nd5 fxe4 24.Nxe7+ Qxe7 25.Nc6 Qe8 26.Nxd8 Qxd8 27.g6 fxg6 28.hxg6 h6 29.Qxe4 Rb8
30.Rhf1 Ne6 31.Kb1 Ng5 32.Qf4 Bh3 33.Rfe1 Qd7 34.Bc3 Qf5 35.Qxd6 Rf8 36.Re7 Ne6
37.Qxe6+ Qxe6 38.Rxg7+ Kh8 39.Rh7+  1-0

[Event "Corus B"]
[Site "Wijk aan Zee NED"]
[Date "2001.01.18"]
[Round "3"]
[White "Nijboer,F"]
[Black "Gulko,B"]
[Result "1/2-1/2"]
[WhiteElo "2578"]
[BlackElo "2622"]

1.e4 c5 2.Nf3 Nc6 3.d4 cxd4 4.Nxd4 Nf6 5.Nc3 d6 6.Bg5 e6 7.Qd2 Be7 8.O-O-O O-O
9.f4 h6 10.Bh4 Nxd4 11.Qxd4 Qa5 12.Bc4 e5 13.fxe5 dxe5 14.Qd3 Bg4 15.Bxf6 Bxf6
16.Rdf1 Bh4 17.Kb1 Qc5 18.g3 Rad8 19.Nd5 Be7 20.h3 Be6 21.Qe2 Kh8 22.g4  1/2-1/2

[Event "Tch-AUT 2000-01"]
[Site "Graz AUT"]
[Date "2001.01.19"]
[Round "6"]
[White "Nataf,IA"]
[Black "Popovic,P"]
[Result "0-1"]
[WhiteElo "2552"]
[BlackElo "2518"]

1.e4 c5 2.Nf3 d6 3.d4 cxd4 4.Nxd4 Nf6 5.Nc3 Nc6 6.Bg5 e6 7.Qd2 a6 8.O-O-O Bd7
9.f4 Be7 10.Nf3 b5 11.Bxf6 gxf6 12.Kb1 Qb6 13.f5 O-O-O 14.g3 Kb8 15.fxe6 fxe6
16.Bh3 Bc8 17.Qe1 h5 18.Ne2 Ne5 19.Rf1 Ng4 20.Nf4 d5 21.exd5 e5 22.Ng6 Rhe8  0-1

[Event "17th Open"]
[Site "Geneva SUI"]
[Date "2001.01.20"]
[Round "1"]
[White "Leib,A"]
[Black "Tukmakov,V"]
[Result "0-1"]
[WhiteElo "2239"]
[BlackElo "2595"]

1.e4 c5 2.Nf3 d6 3.d4 cxd4 4.Nxd4 Nf6 5.Nc3 Nc6 6.Bg5 e6 7.Qd2 a6 8.O-O-O Bd7
9.f3 Rc8 10.h4 h6 11.Be3 Ne5 12.Bd3 b5 13.Rhe1 b4 14.Nce2 Nxd3+ 15.Qxd3 e5
16.Nf5 Qc7 17.Kb1 Bxf5 18.exf5 Be7 19.g4 Nd7 20.Rh1 d5 21.Qxd5 Qxc2+ 22.Ka1 O-O
23.Rd2 Nf6 24.Qxe5 Qc6 25.Qg3 Nd5 26.Bd4 Rfe8 27.Kb1 Qb5 28.Qf2 Nc3+ 29.Nxc3 bxc3
30.Rc2 cxb2 31.Rxb2 Qd3+ 32.Ka1 Bxh4 33.Qd2 Qxd2 34.Rxd2 Bg5 35.Rf2 Rc4 36.Bb2 Re3
37.Bc1 Bf6+ 38.Bb2 Bg5 39.Rff1 Bf4 40.Rhg1 Bg5 41.Rg2 Bf4 42.Rd2 Bg5 43.Rdf2 a5
44.Kb1 Rb4 45.Ka1 a4 46.f4 Bh4 47.Rc2 Rg3 48.Rc8+ Kh7 49.Rc7 a3 50.Be5 f6
51.g5 hxg5 52.Bxf6 Rxf4 53.Rh1 Rxf5 54.Bxg7 Kg6 55.Bd4 Rd3 56.Bc5 Rc3 57.Bd6 Rxc7
58.Bxc7 Bf2 59.Bd6 Bc5 60.Bc7 Bd4+ 61.Kb1 Rb5+ 62.Kc2 Rc5+ 63.Kd3 Rxc7 64.Kxd4 Rc2
65.Rh3 Rxa2  0-1

[Event "Mermaid Beach Club GMB"]
[Site "Elbow Beach BER"]
[Date "2001.01.21"]
[Round "3"]
[White "Shahade,G"]
[Black "Thorhallsson,T"]
[Result "1-0"]
[WhiteElo "2456"]
[BlackElo "2462"]

1.e4 c5 2.Nf3 d6 3.d4 cxd4 4.Nxd4 Nf6 5.Nc3 Nc6 6.Bg5 Bd7 7.Be2 Qa5 8.Bxf6 gxf6
9.O-O O-O-O 10.Nd5 e6 11.Nb3 Qa4 12.Nc3 Qb4 13.Bb5 d5 14.a3 Qd6 15.exd5 Ne5
16.Bxd7+ Qxd7 17.dxe6 Qxe6 18.Qh5 Rg8 19.Rad1 Bd6 20.Nb5 Rg5 21.Nxd6+ Rxd6
22.Rxd6 Rxh5 23.Rxe6 fxe6 24.Re1 Nc4 25.Rxe6 Rf5 26.Nd4 Rd5 27.c3 Nxb2 28.Rxf6 Na4
29.Rf3 Kc7 30.h4 Kd6 31.g4 Kc5 32.Ne2 Rd7 33.g5 Nb6 34.Rf4 Re7 35.Ng3 a5
36.h5 Nd5 37.Re4 Rg7 38.Re5 Kc4 39.Ne2 a4 40.f4 Rd7 41.g6 Nf6 42.Rf5 Nxh5
43.Rxh5 hxg6 44.Rg5 Rd6 45.Nd4 Rf6 46.Ra5 Ra6 47.Rxa6 bxa6 48.Ne2 Kb3 49.Kf2 Kxa3
50.Ke3 Kb3 51.Kd3 a3 52.Nc1+ Ka4 53.c4 Kb4 54.Kd4 a5 55.c5 Kb5 56.Kd5  1-0

[Event "ch-POL Girls U18"]
[Site "Zakopane POL"]
[Date "2001.01.24"]
[Round "9"]
[White "Reszka,M"]
[Black "Skrochocka,J"]
[Result "1/2-1/2"]
[WhiteElo "2093"]
[BlackElo "2037"]

1.e4 c5 2.Nf3 Nc6 3.d4 cxd4 4.Nxd4 Nf6 5.Nc3 d6 6.Bg5 e6 7.Qd2 a6 8.O-O-O h6
9.Bf4 Bd7 10.Nb3 Ne5 11.f3 Qc7 12.Be2 Be7 13.g4 Bc6 14.Kb1 Nfd7 15.h4 O-O-O
16.Nd4 Nc5 17.Qe3 Kb8 18.Bg3 Na4 19.Nxa4 Bxa4 20.b3 Bd7 21.f4 Nc6 22.Bf2 Nxd4
23.Qxd4 Qc5 24.Rh2 Qxd4 25.Bxd4 Rhg8 26.Bb6 Rc8  1/2-1/2

[Event "Elbow Beach Club GMB"]
[Site "Paget Parish BER"]
[Date "2001.01.25"]
[Round "7"]
[White "Shahade,G"]
[Black "Vuckovic,Bo"]
[Result "1/2-1/2"]
[WhiteElo "2456"]
[BlackElo "2458"]

1.e4 c5 2.Nf3 d6 3.d4 cxd4 4.Nxd4 Nf6 5.Nc3 Nc6 6.Bg5 e6 7.Qd2 a6 8.O-O-O Qb6
9.Nb3 Bd7 10.Bxf6 gxf6 11.f4 O-O-O 12.Be2 h5 13.Kb1 Kb8 14.Bf3 Na5 15.Nxa5 Qxa5
16.Ne2 Qc5 17.h4 Be7 18.Ng3 Bc6 19.Qe2 Rdg8 20.Nf1 f5 21.exf5 Bxf3 22.Qxf3 Qxf5
23.Ne3 Qc5 24.Rd3 Qc6 25.Qh3 d5 26.Qf3 Bf6 27.g3 Rc8 28.c3 Rhg8 29.Nc2 Rg4
30.Ne3 Rg7 31.Nc2 Qc4 32.Rhd1 Qe4 33.Qxh5 Rcg8 34.Re3 Qg2 35.f5 e5 36.Qh6 d4
37.Red3 Qc6 38.cxd4 Rxg3 39.Rxg3 Rxg3 40.dxe5 Rg2 41.Rc1 Bxe5 42.Qxc6 bxc6
43.Re1 Bf6 44.a3 Bxh4 45.Re8+ Kc7 46.Rf8 Rg7 47.Ne3 Be7 48.Re8 Bc5 49.Nc4 Rg4
50.b3 Rg2 51.Re5 Bf8  1/2-1/2

[Event "Elbow Beach Club GMB"]
[Site "Paget Parish BER"]
[Date "2001.01.25"]
[Round "7"]
[White "Blehm,P"]
[Black "Tyomkin,D"]
[Result "1-0"]
[WhiteElo "2512"]
[BlackElo "2496"]

1.e4 c5 2.Nf3 d6 3.d4 cxd4 4.Nxd4 Nf6 5.Nc3 Nc6 6.Bg5 e6 7.Qd2 a6 8.O-O-O h6
9.Be3 Be7 10.f3 Nxd4 11.Bxd4 b5 12.Kb1 Rb8 13.Ba7 Rb7 14.Be3 b4 15.Ne2 e5
16.Nc1 Rb8 17.Bc4 a5 18.g4 Be6 19.Bxe6 fxe6 20.h4 Nd7 21.f4 Qc7 22.g5 hxg5
23.hxg5 Rxh1 24.Rxh1 exf4 25.Bxf4 e5 26.Be3 Qc4 27.Qg2 Nf8 28.b3 Qc6 29.Nd3 a4
30.Nb2 axb3 31.cxb3 Rd8 32.Rc1 Qb5 33.Rd1 g6 34.Nc4 Ne6 35.Qg4 Nf8 36.Qf3 Qc6
37.Nb6 Rb8 38.Nd5 Rc8 39.Rf1 Kd8 40.Qf7  1-0

[Event "Bundesliga 2000-1"]
[Site "Bad Godesberg GER"]
[Date "2001.01.27"]
[Round "6"]
[White "Langheinrich,F"]
[Black "Baklan,V"]
[Result "1/2-1/2"]
[WhiteElo "2384"]
[BlackElo "2599"]

1.e4 c5 2.Nf3 d6 3.d4 cxd4 4.Nxd4 Nf6 5.Nc3 Nc6 6.Bg5 Bd7 7.Qd2 Rc8 8.O-O-O Nxd4
9.Qxd4 Qa5 10.f4 Rxc3 11.bxc3 e5 12.Qb4 Qxb4 13.cxb4 Nxe4 14.Bh4 g5 15.Bd3 Nc3
16.Bxg5 Nxd1 17.Rxd1 Be7 18.Bh6 Rg8 19.g3 f5 20.Be2 Be6 21.fxe5 dxe5 22.Bh5+ Bf7
23.Bxf7+ Kxf7 24.Rd7 Rg4 25.Rxb7 Rxb4 26.Rxa7 Ke6 27.Ra6+ Kd5 28.Ra5+ Ke6
29.Ra6+ Kd5 30.c3 Re4 31.Kd2 f4 32.gxf4 exf4 33.Kd3 Re3+ 34.Kd2 Re4 35.Kd3 Re3+  1/2-1/2

[Event "Elbow Beach Club GMB"]
[Site "Paget Parish BER"]
[Date "2001.01.28"]
[Round "10"]
[White "Vuckovic,Bo"]
[Black "Blehm,P"]
[Result "1-0"]
[WhiteElo "2458"]
[BlackElo "2512"]

1.e4 c5 2.Nf3 d6 3.d4 cxd4 4.Nxd4 Nf6 5.Nc3 Nc6 6.Bg5 e6 7.Qd2 a6 8.O-O-O Bd7
9.f4 b5 10.Bxf6 gxf6 11.Kb1 b4 12.Nce2 Qb6 13.f5 e5 14.Nxc6 Bxc6 15.Ng3 h5
16.h4 Qc5 17.Bd3 a5 18.Qe2 a4 19.Nxh5 Ke7 20.g4 a3 21.Bc4 axb2 22.Rh3 Ra3
23.Bb3 Ba4 24.g5 fxg5 25.hxg5 Qa5 26.Rd5 Qa7 27.Bxa4 Rxa4 28.Qb5 Rxh5 29.Rxe5+ dxe5
30.f6+ Kd8 31.Rd3+ Kc8 32.Qc6+ Qc7 33.Qe8+ Kb7 34.Rd7 Rh1+ 35.Kxb2 Rxa2+
36.Kxa2 b3+ 37.Kxb3  1-0

[Event "1st Mario Covas"]
[Site "Santos BRA"]
[Date "2001.01.29"]
[Round "1"]
[White "Benares,R"]
[Black "Limp,E"]
[Result "1-0"]
[WhiteElo "2276"]
[BlackElo "2462"]

1.e4 c5 2.Nf3 Nc6 3.d4 cxd4 4.Nxd4 Nf6 5.Nc3 d6 6.Bg5 e6 7.Qd2 Be7 8.O-O-O Nxd4
9.Qxd4 O-O 10.f3 Qa5 11.Bd2 Qc5 12.Qxc5 dxc5 13.e5 Nd5 14.Ne4 Bd7 15.c4 Nb6
16.Be3 Rfc8 17.Be2 Rc7 18.b3 a5 19.a4 Be8 20.f4 Bc6 21.Bf3 Nd7 22.Rd3 b6
23.Rhd1 Nf8 24.Bd2 Ng6 25.g3 f6 26.exf6 gxf6 27.Bc3 Rf8 28.h4 Rf7 29.h5 Nf8
30.g4 h6 31.Kc2 Nh7 32.Nd2 Bxf3 33.Nxf3 Nf8 34.Rg1 Rd7 35.Re3 Bd6 36.Re4 Kh7
37.Bd2 f5 38.Re2 fxg4 39.Rxg4 Rg7 40.Nh2 Rdf7 41.Bc3 Rg8 42.Reg2 Rxg4 43.Nxg4 Be7
44.Rf2 Rf5 45.Ne3 Rxh5 46.f5 exf5 47.Nxf5 Bg5 48.Ng3 Rh3 49.Rf7+  1-0

[Event "6th HIT Open"]
[Site "Nova Gorica SLO"]
[Date "2001.01.30"]
[Round "6"]
[White "Haznedaroglu,K"]
[Black "Nevednichy,V"]
[Result "1/2-1/2"]
[WhiteElo "2357"]
[BlackElo "2563"]

1.e4 c5 2.Nf3 d6 3.d4 cxd4 4.Nxd4 Nf6 5.Nc3 Nc6 6.Bg5 e6 7.Bb5 Qb6 8.Be3 Qc7
9.g4 h6 10.f3 a6 11.Be2 b5 12.Nxc6 Qxc6 13.Qd4 Rb8 14.a3 Be7 15.Rd1 Qc7 16.h4 Bb7
17.Kf2 g6 18.g5 e5 19.Qd2 Nh5 20.a4 bxa4 21.Nxa4 Bc6 22.Qc3 Bd8 23.b3 hxg5
24.hxg5 Bxa4 25.Qxc7 Bxc7 26.bxa4 a5 27.f4 exf4 28.Bxf4 Ke7 29.Be3 Rb4 30.Rd4 Rhb8
31.Bxh5 gxh5 32.Rxh5 Bb6 33.Rxb4 Bxe3+ 34.Kxe3  1/2-1/2

[Event "FSIMB February"]
[Site "Budapest HUN"]
[Date "2001.02.03"]
[Round "1"]
[White "Resika,N"]
[Black "Puschmann,L"]
[Result "1/2-1/2"]
[WhiteElo "2288"]
[BlackElo "2291"]

1.e4 c5 2.Nf3 Nc6 3.d4 cxd4 4.Nxd4 Nf6 5.Nc3 d6 6.Bg5 e6 7.Qd3 a6 8.O-O-O Bd7
9.Be2 h6 10.Bh4 Nxd4 11.Qxd4 e5 12.Qd3 g5 13.Bg3 Be6 14.h4 g4 15.h5 Qa5 16.Kb1 Rc8
17.Nd5 Nxd5 18.exd5 Bd7 19.f4 gxf3 20.gxf3 Qc5 21.c4 b5 22.cxb5 Bxb5 23.Qd2 Bxe2
24.Qxe2 Qb5 25.Qe4 Rc4 26.Qf5 Rg8 27.Rhg1 Rg5 28.Qh3 Qd7 29.Qf1 Qc8 30.Qe2 Be7
31.Bf2 Qf5+ 32.Ka1 Qc2 33.Qe3 Rb4 34.Rb1 Ra4 35.Rbc1 Qf5  1/2-1/2

[Event "Elbow Beach Club Open"]
[Site "Paget Parish BER"]
[Date "2001.02.05"]
[Round "5"]
[White "Stefansson,H"]
[Black "Shahade,G"]
[Result "1-0"]
[WhiteElo "2570"]
[BlackElo "2456"]

1.e4 c5 2.Nf3 d6 3.d4 cxd4 4.Nxd4 Nf6 5.Nc3 Nc6 6.Bg5 e6 7.Qd2 a6 8.O-O-O Nxd4
9.Qxd4 Be7 10.Bc4 b5 11.Bb3 Qc7 12.Rhe1 Qc5 13.Qd2 Bb7 14.f4 h6 15.Bxf6 gxf6
16.f5 Qe5 17.Ne2 Bxe4 18.Nc3 d5 19.Nxe4 dxe4 20.Qd7+ Kf8 21.Qc6 Kg7 22.fxe6 f5
23.Qb7 Bg5+ 24.Kb1 Rhf8 25.exf7 Bf6 26.c3 Rab8 27.Qxa6 Qxh2 28.Qe6 Qe5 29.Rf1 Kg6
30.Rd6 Qxe6 31.Bxe6 e3 32.Rf3 f4 33.Rxf4 Rbd8 34.Rxd8 Rxd8 35.Re4  1-0

[Event "FSIMB February"]
[Site "Budapest HUN"]
[Date "2001.02.09"]
[Round "6"]
[White "Resika,N"]
[Black "Balogh,C"]
[Result "1/2-1/2"]
[WhiteElo "2288"]
[BlackElo "2340"]

1.e4 c5 2.Nf3 Nc6 3.d4 cxd4 4.Nxd4 Nf6 5.Nc3 d6 6.Bg5 Qa5 7.Bxf6 gxf6 8.Bb5 Bd7
9.O-O h5 10.Re1 a6 11.Nb3 Qd8 12.Be2 h4 13.Nd5 Rg8 14.Kh1 Rc8 15.f4 Bh6 16.Rf1 Na5
17.Nd4 Nc6 18.Nb3 Na5  1/2-1/2

[Event "ch-Pol u20"]
[Site "Brzeg Dolny POL"]
[Date "2001.02.10"]
[Round "4"]
[White "Szelag,M"]
[Black "Lagowski,P"]
[Result "1-0"]
[WhiteElo "2403"]
[BlackElo "2301"]

1.e4 c5 2.Nf3 Nc6 3.d4 cxd4 4.Nxd4 Nf6 5.Nc3 d6 6.Bg5 e6 7.Qd2 a6 8.O-O-O Be7
9.f3 h6 10.Be3 Qc7 11.Kb1 Ne5 12.f4 Nc6 13.Be2 Bd7 14.g4 Nxd4 15.Qxd4 b5
16.e5 dxe5 17.fxe5 Nd5 18.Nxd5 exd5 19.Bf3 Rc8 20.Bxd5 O-O 21.Qe4 Kh8 22.h4 f5
23.exf6 Bxf6 24.Qg6 Qe5 25.Bc1 Be8 26.Qd3 Bd7 27.Rhe1 Qc7 28.g5 Be5 29.gxh6 Rf2
30.Be4 Bg4 31.Rd2 Rcf8 32.Rg1 Bh5 33.Qd7 R2f7 34.Qxc7 Bxc7 35.hxg7+ Rxg7
36.Rxg7 Kxg7 37.Rd7+ Rf7 38.Rxf7+ Kxf7 39.Bg5 Ke6 40.Bb7 a5 41.Kc1 b4 42.Bc6 Bb6
43.Kd2 Bd4 44.c3 bxc3+ 45.bxc3 Bb6 46.Kd3 Ke5 47.a4 Kd6 48.Bb5 Ke5 49.Kd2 Bc7
50.Be2 Be8 51.Bd1 Kf5 52.Be3  1-0

[Event "ch-NED semi-finals"]
[Site "Leeuwarder NED"]
[Date "2001.02.10"]
[Round "1.1"]
[White "Hommeles,T"]
[Black "Blokhuis,J"]
[Result "1-0"]
[WhiteElo "2422"]
[BlackElo "2305"]

1.e4 c5 2.Nf3 Nc6 3.d4 cxd4 4.Nxd4 Nf6 5.Nc3 d6 6.Bg5 e6 7.Qd2 Be7 8.O-O-O Nxd4
9.Qxd4 O-O 10.f3 Qa5 11.Qd2 b6 12.h4 Bb7 13.Qe1 Rac8 14.Kb1 Rfd8 15.Bd3 d5
16.Nxd5 Bxd5 17.Qxa5 bxa5 18.exd5 Nxd5 19.Ba6 Rc7 20.Bxe7 Rxe7 21.c4 Rd6
22.cxd5 Rxa6 23.Rhe1 Kf8 24.dxe6 fxe6 25.Re4 Rb7 26.Rd3 Rab6 27.b3 Ke7 28.Kc2 Rb4
29.Rde3 R7b6 30.a3 R4b5 31.Rc4 Rd6 32.Rc7+ Rd7 33.Rxd7+ Kxd7 34.Re4 Kd6 35.Kc3 g6
36.Rd4+ Kc6 37.Rf4 Rb7 38.Rc4+ Kd6 39.Rc8 Kd5 40.Rd8+ Kc5 41.Rc8+ Kd5 42.Rc4 Kd6
43.Rd4+ Kc6 44.Kc4 Re7 45.Re4 Kd6 46.Kb5 Rb7+ 47.Ka4 a6 48.Kxa5 Rxb3 49.a4 Rb2
50.Rg4 Rc2 51.Kxa6 Kc6 52.Ka5 Rc5+ 53.Kb4 Rd5 54.Kc3 Kb6 55.Rb4+ Kc6 56.Rd4 Ra5
57.Rb4 e5 58.Kd3 Ra7 59.Ke3 Kc5 60.Re4 Kd5 61.Kf2 Rb7 62.a5 Ra7 63.Ra4 Ra6
64.Ke3 h6 65.Ra2 Kc5 66.Ke4 Kb4 67.Kxe5 Kb3 68.Ra1 Kb2 69.Ra4 h5 70.Rb4+ Kc3
71.Rb5 Kd3 72.Kf4 Ke2 73.Ke4 Kf2 74.Rg5 Rd6 75.Ke5  1-0